Normal view MARC view

Entry Nome pessoal

Number of records used in: 1

001 - NÚMERO DE CONTROLE

  • campo de controle: 1582

003 - IDENTIFICADOR DO NÚMERO DE CONTROLE

  • campo de controle: BR-RjBN

005 - DATA E HORÁRIO DA ÚLTIMA TRANSAÇÃO

  • campo de controle: 20251007115921.0

008 - CAMPO DE DADOS FIXOS

  • campo de controle de tamanho fixo: 231006s2016 bl a 0 0 por

040 ## - FONTE DA CATALOGAÇÃO

  • Instituição da catalogação original: BR-RjBN
  • Idioma da catalogação: por
  • Instituição que transcreveu o registro: BR-RjBN

100 1# - CABEÇALHO--NOME PESSOAL

  • Nome pessoal: Roldão, Ana

400 ## - REMISSIVA VER--NOME PESSOAL

  • Nome pessoal: Ana Roldão

700 1# - ENTRADA LINK ESTABELECIDA - NOME PESSOAL

  • Nome pessoal: Fróes, Luciana.

700 1# - ENTRADA LINK ESTABELECIDA - NOME PESSOAL

  • Nome pessoal: Seixo, Fábio

700 1# - ENTRADA LINK ESTABELECIDA - NOME PESSOAL

  • Nome pessoal: Rezende, Renato,
  • Datas associadas ao nome: 1964-